| 000 | 00579nam a2200217 a 4500 | ||
|---|---|---|---|
| 005 | 20140310183357.0 | ||
| 008 | 121001s19uu xx 00 eng d | ||
| 020 | _a9788183569378 | ||
| 050 |
_aRA 793.5 _b.T377 2011 |
||
| 100 | _aThompson, R. | ||
| 245 |
_aHealth tourism / _cR. Thompson. |
||
| 250 | _a1st ed. | ||
| 260 |
_aNew Delhi, India : _bDiscovery Pub. House, _c2011. |
||
| 300 |
_a280 p. : _c23 cm. |
||
| 500 | _aIncludes index | ||
| 521 | _aTOU | ||
| 650 | _aMedical tourism | ||
| 650 |
_aMedical tourism _xIndia |
||
| 942 |
_cBK _2lcc _kFOR |
||
| 999 |
_c22267 _d22267 |
||